| 000 | 00924nas a2200313 4500 | ||
|---|---|---|---|
| 001 | BR0700402 | ||
| 003 | BR-BrBNA | ||
| 005 | 20231205110512.0 | ||
| 007 | ta | ||
| 008 | 230509b bl.|||p| |||| 00| 00por d | ||
| 040 |
_aBR-BrBNA _bpor _cBiblioteca Nacional de Agricultura |
||
| 041 | _a(Pt) | ||
| 072 | _aL74 | ||
| 100 | 1 | _aSartor, I.F. | |
| 100 | 1 | _aHasegawa, M.Y. | |
| 100 | 1 | _aCanavessi, A.M.O. | |
| 100 | 1 | _aPinckney, R.D. | |
| 245 | 1 | _aOcorrência de anticorpos de Neospora caninum em vacas leiteiras avaliados pelos métodos ELISA e RIFI no município de Avaré, SP | |
| 650 | _aVACA LEITEIRA | ||
| 650 | _aNEOSPORA CANINUM | ||
| 650 | _aANTICORPO | ||
| 650 | _aELISA | ||
| 650 | _aSORO | ||
| 650 | _aABORTO | ||
| 650 | _aSÃO PAULO | ||
| 773 | 0 |
_tSemina (Brazil) _xISSN 1676-546X _g(Jan-Jun 2003), v. 24(1) p. 3-10 _wBR0700402 |
|
| 909 |
_a202311 _bLúcia _c55 _dLúcia Elande |
||
| 942 |
_2AGRIS _n0 _cANA |
||
| 999 |
_c187647 _d187647 |
||